| 000 | 00707nam a2200241 i 4500 | ||
|---|---|---|---|
| 001 | 12815 | ||
| 003 | ES-MaACL | ||
| 005 | 20230906150418.0 | ||
| 007 | t| | ||
| 008 | 960206s1995 sp |||| | spa j | ||
| 020 | _a84-7880-497-8 | ||
| 080 | _a17.023.3 | ||
| 100 | 1 |
_aBolinches Sánchez, Antonio. _929962 |
|
| 245 | 1 | 3 |
_aLa felicidad personal _b: del cambio psicológico a la revolución interior / _cAntonio Bolinches. |
| 250 | _a1ª ed. | ||
| 260 |
_aMadrid : _bTemas de Hoy, _c1995. |
||
| 300 |
_a157 p. ; _c21 cm. |
||
| 490 | 1 |
_aFin de siglo ; _v64 |
|
| 650 | 1 | 4 |
_aAutorrealización. _910441 |
| 830 | 0 |
_aFin de siglo ; _v64 _9179377 |
|
| 852 |
_aES-MaACL _jL-20169 |
||
| 999 |
_c12815 _d12815 |
||